000 00750nam a2200241Ia 4500
003 OSt
005 20220923212146.0
006 a|||||r|||| 00| 0
007 ta
008 220922b |||||||| |||| 00| 0 hin d
024 _a151,234
037 _cTextual
040 _aARTS
_cARTS
_bhin
041 _2hin
_ahin
082 _a4, 152L7
100 _aतिवारी, रामचन्द्र
245 0 _aपत्रिका सम्पादन कला
246 _aPatrikā sampādan kalā
260 _aदिल्ली
_b आलेख प्रकाशन
_c1977
300 _a119 पृ.
_ccm.
942 _h4, 152L7
_cTEXL
_2CC
999 _c306907
_d306907